LEADER 01373nam 2200397z- 450 001 9910694322903321 005 20071129091418.0 035 $a(CKB)5860000000025960 035 $a(BIP)016979011 035 $a(EXLCZ)995860000000025960 100 $a20220406c2007uuuu -u- - 101 0 $aeng 200 10$aH.R. 4954 $ethe SAFE Port Act : full hearing before the Committee on Homeland Security, House of Representatives, One Hundred Ninth Congress, second session, April 4, 2006 215 $a1 online resource (iv, 84 p.) 311 $a0-16-079664-4 517 $aH.R. 4954 606 $aHarbors$xSecurity measures$zUnited States 606 $aPorts of entry$xSecurity measures$zUnited States 606 $aShipping$xSecurity measures$zUnited States 606 $aContainer ships$xSecurity measures$zUnited States 606 $aTerrorism$zUnited States$xPrevention 610 $aHarbors 610 $aShipping 610 $aTerrorism 610 $aTransportation 610 $aBusiness & economics 610 $aPolitical science 615 0$aHarbors$xSecurity measures 615 0$aPorts of entry$xSecurity measures 615 0$aShipping$xSecurity measures 615 0$aContainer ships$xSecurity measures 615 0$aTerrorism$xPrevention. 906 $aBOOK 912 $a9910694322903321 996 $aH.R. 4954$93146255 997 $aUNINA LEADER 01428nas 2200385- 450 001 9910522597903321 005 20230929213017.0 035 $a(OCoLC)701805628 035 $a(CKB)2670000000046510 035 $a(CONSER)--2012254551 035 $a(DE-599)ZDB2586861-5 035 $a(EXLCZ)992670000000046510 100 $a20120227a20109999 --- - 101 0 $aeng 135 $aurmnu|||||||| 181 $ctxt$2rdacontent 182 $cc$2rdamedia 183 $acr$2rdacarrier 200 00$aCritical education 210 1$a[Vancouver, BC] :$cInstitute for Critical Education Studies,$d2010- 215 $a1 online resource 300 $aRefereed/Peer-reviewed 311 08$a1920-4175 330 $a"Critical Education is an international peer-reviewed journal, which seeks manuscripts that critically examine contemporary education contexts and practices. Critical Education is interested in theoretical and empirical research as well as articles that advance educational practices that challenge the existing state of affairs in society, schools, and informal education." 517 1 $aCE 606 $aEducation$vPeriodicals 606 $aEducation$2fast 608 $aPeriodicals$2fast 615 0$aEducation 615 7$aEducation 712 02$aInstitute for Critical Education Studies, 906 $aJOURNAL 912 $a9910522597903321 996 $aCritical education$92597134 997 $aUNINA